Statistiken für Hauptstädte, die mit T beginnen

Klicken Sie hier um das Quiz zu spielen!

Allgemein

  • Dieses Quiz wurde 1.170 mal gespielt
  • Das Durchschnittsergebnis liegt bei 8 aus 11

Antwortstatistiken

Hauptstädte% Korrekt
Tunis
81%
Taschkent
76%
Tokio
75%
Taipeh
74%
Teheran
74%
Tirana
74%
Tallinn
71%
Tripolis
65%
Tiflis
64%
Tegucigalpa
63%
Thimphu
46%

Verteilung der Resultate

Perzentil nach korrekt beantworteten Fragen

Anzahl Personen mit jedem Resultat

Ihre Resultats-Entwicklung

Sie haben dieses Quiz noch nicht gespielt